000 00715nam a2200217 i 4500
001 000021684
003 DO-SdBNP
005 20250219104747.0
007 ta
008 100910s1951 dr a 000 0 spa d
040 _aDO-SdBNP
_bspa
_cBNPHU
_erda
049 _aBNPD
082 4 _bU92i
_222
100 1 _aCipriano,
_d1886-1958
_c de Utrera, fray,
_950420
245 1 0 _aIsabel La Católica, fundadora de la ciudad de Santo Domingo /
_cCipriano de Utrera.
264 _aCiudad Trujillo, República Dominicana :
_bDominicana,
_c1951.
300 _a55 páginas :
_bilustraciones ;
_c23 cm.
590 _aInventariado, 2023/BT
710 2 _aComité Ejecutivo Permanente del Faro de Colón
_945112
942 _2ddc
_cLBS1
999 _c21183
_d21183